| 000 | 00543nam a2200145Ia 4500 | ||
|---|---|---|---|
| 008 | 140724s9999 xx 000 0 und d | ||
| 050 |
_aRT 98 _b.C899 2012 |
||
| 100 | _aCrawford, Maria Lourdes L. | ||
| 245 |
_aIntrinsic factors of motivation and academic performance in core subjects among Southivlle Nursing Students / _cMaria Lourdes L. Crawford. |
||
| 260 |
_aLas PiƱas, Philippines : _bSouthville International School and Colleges, _cc2012. |
||
| 300 |
_a82 p. : _bill. ; _c28 cm. |
||
| 521 | _aNursing | ||
| 942 | _cTH | ||
| 999 |
_c228706 _d228706 |
||